<?xml version="1.0" encoding="UTF-8"?>
<record
    xmlns:xsi="http://www.w3.org/2001/XMLSchema-instance"
    xsi:schemaLocation="http://www.loc.gov/MARC21/slim http://www.loc.gov/standards/marcxml/schema/MARC21slim.xsd"
    xmlns="http://www.loc.gov/MARC21/slim">

  <leader>00593nam a22002177a 4500</leader>
  <controlfield tag="003">UA-OsUOA</controlfield>
  <controlfield tag="001"> 36127 </controlfield>
  <controlfield tag="007">ta</controlfield>
  <controlfield tag="008">20060706b un ||||| |||| 00| 0 ukr d</controlfield>
  <datafield tag="090" ind1=" " ind2=" ">
    <subfield code="a">082./94(100)</subfield>
    <subfield code="b">&#x410;43</subfield>
  </datafield>
  <datafield tag="942" ind1=" " ind2=" ">
    <subfield code="c">BK</subfield>
  </datafield>
  <datafield tag="040" ind1=" " ind2=" ">
    <subfield code="a">UA-OsUOA</subfield>
    <subfield code="b">ukr</subfield>
    <subfield code="c">UA-OsUOA</subfield>
    <subfield code="d">UA-OsUOA</subfield>
  </datafield>
  <datafield tag="245" ind1=" " ind2=" ">
    <subfield code="a">&#x410;&#x43A;&#x442;&#x443;&#x430;&#x43B;&#x44C;&#x43D;&#x456; &#x43F;&#x440;&#x43E;&#x431;&#x43B;&#x435;&#x43C;&#x438; &#x432;&#x456;&#x442;&#x447;&#x438;&#x437;&#x43D;&#x44F;&#x43D;&#x43E;&#x457; &#x442;&#x430; &#x432;&#x441;&#x435;&#x441;&#x432;&#x456;&#x442;&#x43D;&#x44C;&#x43E;&#x457; &#x456;&#x441;&#x442;&#x43E;&#x440;&#x456;&#x457;</subfield>
    <subfield code="b">&#x417;&#x431;&#x456;&#x440;&#x43D;&#x438;&#x43A; &#x43D;&#x430;&#x443;&#x43A;&#x43E;&#x432;&#x438;&#x445; &#x43F;&#x440;&#x430;&#x446;&#x44C;</subfield>
  </datafield>
  <datafield tag="300" ind1=" " ind2=" ">
    <subfield code="a">280 &#x441;.</subfield>
  </datafield>
  <datafield tag="955" ind1=" " ind2=" ">
    <subfield code="a">1</subfield>
  </datafield>
  <datafield tag="041" ind1=" " ind2=" ">
    <subfield code="a">ukr</subfield>
  </datafield>
  <datafield tag="080" ind1=" " ind2=" ">
    <subfield code="a">082./94(100)</subfield>
  </datafield>
  <datafield tag="260" ind1=" " ind2=" ">
    <subfield code="a">&#x425;&#x430;&#x440;&#x43A;&#x456;&#x432;</subfield>
    <subfield code="c">2000</subfield>
  </datafield>
  <datafield tag="650" ind1=" " ind2="7">
    <subfield code="2">UDC</subfield>
  </datafield>
  <datafield tag="999" ind1=" " ind2=" ">
    <subfield code="c">434658</subfield>
    <subfield code="d">434658</subfield>
  </datafield>
  <datafield tag="952" ind1=" " ind2=" ">
    <subfield code="0">0</subfield>
    <subfield code="1">0</subfield>
    <subfield code="2">udc</subfield>
    <subfield code="4">0</subfield>
    <subfield code="7">0</subfield>
    <subfield code="a">300</subfield>
    <subfield code="b">300</subfield>
    <subfield code="d">2006-07-06</subfield>
    <subfield code="e">7/2006</subfield>
    <subfield code="g">1.00</subfield>
    <subfield code="i">2125306</subfield>
    <subfield code="l">0</subfield>
    <subfield code="o">082./94(100) &#x410;43</subfield>
    <subfield code="p">2125306</subfield>
    <subfield code="r">2019-09-15 00:00:00</subfield>
    <subfield code="w">2006-07-06</subfield>
    <subfield code="y">BK</subfield>
  </datafield>
</record>
